<?xml version="1.0" encoding="UTF-8"?>
<collection xmlns="http://www.loc.gov/MARC21/slim">
 <record>
  <leader>     na                 </leader>
  <controlfield tag="001">INLIS000000000863986</controlfield>
  <controlfield tag="005">20210823015422</controlfield>
  <datafield tag="035" ind1=" " ind2=" ">
   <subfield code="a">0010-0821000685</subfield>
  </datafield>
  <controlfield tag="007">ta</controlfield>
  <controlfield tag="008">210823s2019    yoia   g            ind d</controlfield>
  <datafield tag="040" ind1=" " ind2=" ">
   <subfield code="a">YOPDYOG</subfield>
   <subfield code="b">ind</subfield>
   <subfield code="e">rda</subfield>
  </datafield>
  <datafield tag="082" ind1="0" ind2="4">
   <subfield code="2">23</subfield>
   <subfield code="a">726</subfield>
  </datafield>
  <datafield tag="084" ind1=" " ind2=" ">
   <subfield code="a">726 NAW p</subfield>
  </datafield>
  <datafield tag="090" ind1=" " ind2=" ">
   <subfield code="a">CB-D.11 2019-4225</subfield>
  </datafield>
  <datafield tag="100" ind1="0" ind2=" ">
   <subfield code="a">Nawang Syahda Praba P.</subfield>
   <subfield code="e">penulis</subfield>
   <subfield code="t">Penerapan pendekaan social sustainability pada student park apartement</subfield>
  </datafield>
  <datafield tag="245" ind1="1" ind2="0">
   <subfield code="a">Prosiding Sakapari 2019 seminar karya &amp; pameran arsitektur Indonesia :</subfield>
   <subfield code="b">arsitektur Islam di Indonesia /</subfield>
   <subfield code="c">Nawang Syahda Praba P., Yulia Pratiwi, Salsabila Ghaisani Boru Tambunan, Etik Mufida, Fadhil Muhammad, Noor Cholis Idham, Tubagus Noviandaru, Revianto Budi Santosa, Ratri Sekar Wening, Wiryono Raharjo, Febriansah Wijaya, nensi Golda Yuli, Muhammad Randi Himawan</subfield>
  </datafield>
  <datafield tag="300" ind1=" " ind2=" ">
   <subfield code="a">vi, 532 halaman :</subfield>
   <subfield code="b">ilustrasi, gambar ;</subfield>
   <subfield code="c">29 cm</subfield>
  </datafield>
  <datafield tag="650" ind1=" " ind2="4">
   <subfield code="a">Arsitektur dan agama</subfield>
  </datafield>
  <datafield tag="700" ind1="0" ind2=" ">
   <subfield code="a">Yulia Pratiwi</subfield>
   <subfield code="e">penulis</subfield>
   <subfield code="t">Penerapan pendekaan social sustainability pada student park apartement</subfield>
  </datafield>
  <datafield tag="700" ind1="0" ind2=" ">
   <subfield code="a">Salsabila Ghaisani Boru Tambunan</subfield>
   <subfield code="e">penulis</subfield>
   <subfield code="t">Analisis ruang yang terapeutik pada ruang konseling terapi gangguan mental</subfield>
  </datafield>
  <datafield tag="700" ind1="0" ind2=" ">
   <subfield code="a">Muhammad Randi Himawan</subfield>
   <subfield code="e">penulis</subfield>
   <subfield code="t">Hubungan metode pembelajaran dengan program ruang pada pembelajaran seni kriya kayu</subfield>
  </datafield>
  <datafield tag="700" ind1="0" ind2=" ">
   <subfield code="a">Noor Cholis Idham</subfield>
   <subfield code="e">penulis</subfield>
   <subfield code="t">Analisis ruang yang terapeutik pada ruang konseling terapi gangguan mental</subfield>
  </datafield>
  <datafield tag="700" ind1="0" ind2=" ">
   <subfield code="a">Tubagus Noviandaru</subfield>
   <subfield code="e">penulis</subfield>
   <subfield code="t">Pola ruang dan aktivitas pembinaan warga binaan pemasyarakatan di rumah tahanan negara kelas I Surakarta</subfield>
  </datafield>
  <datafield tag="700" ind1="0" ind2=" ">
   <subfield code="a">Revianto Budi Santosa</subfield>
   <subfield code="e">penulis</subfield>
   <subfield code="t">Pola ruang dan aktivitas pembinaan warga binaan pemasyarakatan di rumah tahanan negara kelas I Surakarta</subfield>
  </datafield>
  <datafield tag="700" ind1="0" ind2=" ">
   <subfield code="a">Ratri Sekar Wening</subfield>
   <subfield code="e">penulis</subfield>
   <subfield code="t">Pengaruh konsep pendidikan montessori terhadap penataan ruang di sekolah dasar studi kasus: SD Budi Mulia Dua dan SDN Percobaan Dua, Yogyakarta</subfield>
  </datafield>
  <datafield tag="700" ind1="0" ind2=" ">
   <subfield code="a">Wiryono Raharjo</subfield>
   <subfield code="e">penulis</subfield>
   <subfield code="t">Pengaruh konsep pendidikan montessori terhadap penataan ruang di sekolah dasar studi kasus: SD Budi Mulia Dua dan SDN Percobaan Dua, Yogyakarta</subfield>
  </datafield>
  <datafield tag="700" ind1="0" ind2=" ">
   <subfield code="a">Febriansah Wijaya</subfield>
   <subfield code="e">penulis</subfield>
   <subfield code="t">Tantangan mendesain tempat pelelangan ikan higinis di Indonesia studi kasus: bangunan tempat pelelanagn ikan PPP higienis Sadeng Pasca Renovasi Gunungkidul Yogyakarta</subfield>
  </datafield>
  <datafield tag="700" ind1="0" ind2=" ">
   <subfield code="a">Nensi Golda Yuli</subfield>
   <subfield code="e">penulis</subfield>
   <subfield code="t">Tantangan mendesain tempat pelelangan ikan higinis di Indonesia studi kasus: bangunan tempat pelelanagn ikan PPP higienis Sadeng Pasca Renovasi Gunungkidul Yogyakarta</subfield>
  </datafield>
  <datafield tag="850" ind1=" " ind2=" ">
   <subfield code="a">YOPDYOG</subfield>
  </datafield>
  <datafield tag="111" ind1="2" ind2=" ">
   <subfield code="a">Seminar Karya &amp; Pameran Arsitektur Indonesia (Sakapari) ke-4 Tahun 2019</subfield>
  </datafield>
  <datafield tag="504" ind1=" " ind2=" ">
   <subfield code="a">Termasuk bibliografi</subfield>
  </datafield>
  <datafield tag="611" ind1=" " ind2=" ">
   <subfield code="a">Seminar Karya &amp; Pameran Arsitektur Indonesia (Sakapari) ke-4 Tahun 2019--</subfield>
   <subfield code="c">Fakultas Teknik Sipil dan Perencanaan Universitas Islam Indonesia--</subfield>
   <subfield code="d">2019</subfield>
  </datafield>
  <datafield tag="264" ind1="3" ind2="1">
   <subfield code="a">Yogyakarta :</subfield>
   <subfield code="b">Universitas Islam Indonesia,</subfield>
   <subfield code="c">2019</subfield>
  </datafield>
  <datafield tag="336" ind1=" " ind2=" ">
   <subfield code="2">rdacontent</subfield>
   <subfield code="a">teks</subfield>
  </datafield>
  <datafield tag="337" ind1=" " ind2=" ">
   <subfield code="2">rdamedia</subfield>
   <subfield code="a">tanpa perantara</subfield>
  </datafield>
  <datafield tag="338" ind1=" " ind2=" ">
   <subfield code="2">rdacarrier</subfield>
   <subfield code="a">volume</subfield>
  </datafield>
  <datafield tag="999" ind1=" " ind2=" ">
   <subfield code="a">CB-D.11/2019-4225</subfield>
  </datafield>
  <datafield tag="020" ind1=" " ind2=" ">
   <subfield code="a">978-602-450-414-4</subfield>
  </datafield>
  <datafield tag="990" ind1=" " ind2=" ">
   <subfield code="a">CB-D.11/2019-4225</subfield>
  </datafield>
 </record>
</collection>
